Πολιτικός (ή περί της βασιλείας)

Αποθηκεύτηκε σε:
Λεπτομέρειες βιβλιογραφικής εγγραφής
Κύριος συγγραφέας: Πλάτων, 428 ή 7-348 ή 7 π.Χ
Άλλοι συγγραφείς: Περδικίδης, Ορέστης (Μεταφραστής)
Μορφή: Βιβλίο
Γλώσσα:Greek
Δημοσίευση: Αθήνα : Κάκτος, 1993.
Σειρά:Έλληνες (Εκδόσεις Κάκτος) 176
Θέματα:
Ετικέτες: Προσθήκη ετικέτας
Δεν υπάρχουν, Καταχωρήστε ετικέτα πρώτοι!

MARC

LEADER 00000cam a2200000 i 4500
001 1/36472
008 970408s1993 gr | ||| |||| ||gre||
035 |a 1994  |c ΤΣΙΒΑΚΟΥ  |l 10040250 
040 |a GR-MyUA  |b gre  |e AACR2 
041 1 |a gre 
082 0 |a 180.938 
100 0 |a Πλάτων,   |d 428 ή 7-348 ή 7 π.Χ. 
245 1 0 |a Πολιτικός (ή περί της βασιλείας) /   |c Πλάτων ; εισαγωγή-μετάφραση-σχόλια. Ορέστης Περδικίδης.  
260 |a Αθήνα :   |b Κάκτος,   |c 1993.  
300 |a 274 σ. ;   |c 21 εκ.  
490 1 |a (Ελληνες (Εκδόσεις Κάκτος)   |v ; 176)  
650 0 0 |a Philosophy, Ancient. 
700 1 |a Περδικίδης, Ορέστης,  |e trl 
830 0 |a Έλληνες (Εκδόσεις Κάκτος)  |v  176 
852 |a INST  |b SAMOS  |e 19970408  |h 180.938 ΠΛΑ  |p 005300006175  |q 005300006175  |t BK  |y 0 
909 |a Σ  |b 038555